|
|
|
|
| LEADER |
00000nam a2200000 a 4500 |
| 001 |
vtls001090785 |
| 003 |
SK-MaSNL |
| 005 |
20260425224433.0 |
| 008 |
250414s1982 xo a g 00000 slo |
| 015 |
|
|
|a SNBA1983/03
|
| 035 |
|
|
|a SNK000033627
|
| 040 |
|
|
|a SNK
|b slo
|c SNK
|e AACR2
|
| 041 |
0 |
|
|a slo
|b eng
|b ger
|b rus
|
| 043 |
|
|
|a e-xo---
|
| 044 |
|
|
|a xo
|c SK
|
| 072 |
|
7 |
|a 62
|x Technika všeobecne
|2 konspekt
|
| 080 |
|
|
|a 676.026
|2 2001
|
| 080 |
|
|
|a 676.026.22
|2 2001
|
| 080 |
|
|
|a 676:005.71
|2 2001
|
| 080 |
|
|
|a 655.3.066.28
|2 2001
|
| 080 |
|
|
|a (437.6)
|2 2001
|
| 080 |
|
|
|a (048.8)
|2 2001
|
| 100 |
1 |
|
|a Decker, Viliam,
|d 1907-2000
|4 aut
|9 184305
|
| 245 |
1 |
0 |
|a Dejiny ručnej výroby papiera na Slovensku
|c Viliam Decker ; Robert Brož, Ivan Fulmek
|
| 250 |
|
|
|a 1. vyd.
|
| 260 |
|
|
|a Martin
|b Matica slovenská
|c 1982
|e Martin
|f Tlačiarne SNP
|
| 300 |
|
|
|a 223 s.
|b fotogr., ilustr., tab.
|c 29 cm
|
| 366 |
|
|
|e 1000 výtl.
|
| 490 |
1 |
|
|a Teória a výskum. Monografie
|
| 500 |
|
|
|a Séria: Monografie. Lit. 356. Ilustr. na predsádkach. Res. rus., angl. a nem. 356 zázn. lit. o knihách, čas. a zb. v jaz. maď., nem. a lat.
|
| 650 |
0 |
7 |
|a výroba papiera
|2 SNKPH
|9 58348
|
| 650 |
0 |
7 |
|a ručná výroba papiera
|2 SNKPH
|9 51326
|
| 650 |
0 |
7 |
|a papierne
|2 SNKPH
|9 37167
|
| 650 |
0 |
7 |
|a filigrány (papier)
|2 SNKPH
|9 98484
|
| 650 |
0 |
7 |
|a Paper making
|2 SNKPHeng
|9 321256
|
| 650 |
0 |
7 |
|a Paper mills
|2 SNKPHeng
|9 369417
|
| 651 |
|
7 |
|a Slovensko
|2 SNKPH
|9 14231
|
| 651 |
|
7 |
|a Slovakia
|2 SNKPHeng
|9 92630
|
| 655 |
|
7 |
|a monografie
|2 SNKPH
|9 70139
|
| 655 |
|
7 |
|a Monographs
|2 SNKPHeng
|9 120675
|
| 700 |
1 |
|
|a Brož, Robert,
|d 1939-2011
|4 bkd
|9 157183
|
| 700 |
1 |
|
|a Fulmek, Ivan
|4 bkd
|9 278182
|
| 830 |
|
0 |
|a Teória a výskum. Monografie
|9 369418
|
| 852 |
|
|
|a Slovenská národná knižnica
|
| 954 |
|
|
|a papierníctvo
|a papier
|
| 958 |
|
|
|a NB
|
| 958 |
|
|
|a TL
|
| 958 |
|
|
|a OND
|
| 999 |
|
|
|c 613673
|d 615603
|
| 952 |
|
|
|t P60, <04>, [BOOK], {604}
|a SNK
|b SNK
|y VYP
|7 0
|p 17A0018245
|o snkSB 34869 D1
|0 0
|1 0
|4 0
|d 1996-11-06
|l 1
|r 2026-04-07 13:14:06
|s 2026-03-30
|w 2026-02-23
|
| 952 |
|
|
|t P60, <04>, [BOOK], {604}
|a SNK
|b SNK
|y VYP
|7 0
|p 17A0025702
|o snkSB 34869 D9
|0 0
|1 0
|4 0
|d 1996-12-10
|l 0
|r 2004-12-31 00:00:00
|w 2026-02-23
|
| 952 |
|
|
|t P60, <04>, [BOOK], {604}
|a SNK
|b SNK
|y VYP
|7 0
|p 17A0057276
|o snkSB 34869 D8
|0 0
|1 0
|4 0
|d 1997-03-27
|l 0
|r 2004-12-31 00:00:00
|w 2026-02-23
|
| 952 |
|
|
|t P60, <04>, [BOOK], {604}
|a SNK
|b SNK
|y VYP
|7 0
|p 17A0329172
|0 0
|1 0
|4 0
|d 2002-01-17
|l 0
|r 2004-12-31 00:00:00
|w 2026-02-23
|
| 952 |
|
|
|t P60, <04>, [BOOK], {604}
|a SNK
|b SNK
|y VYP
|7 0
|p 17A0341292
|o snkSB 34869 D7
|i snkD 482/83
|0 0
|1 0
|4 0
|d 2002-04-26
|l 0
|r 2004-12-31 00:00:00
|w 2026-02-23
|
| 952 |
|
|
|t P60, <04>, [BOOK], {604}
|a SNK
|b SNK
|y VYP
|7 0
|p 17A0341427
|o snkSB 34869 D6
|i snkD 481/83
|0 0
|1 0
|4 0
|d 2002-04-26
|l 0
|r 2004-12-31 00:00:00
|w 2026-02-23
|
| 952 |
|
|
|a SNK
|b SNK
|y VYP
|7 0
|p 17A0341424
|o snkSB 34869 D5
|i snkD 480/83
|8 1
|3 Poškodená väzba
|0 0
|1 0
|4 0
|d 2002-04-26
|l 0
|r 2004-12-31 00:00:00
|w 2026-02-23
|
| 952 |
|
|
|t P60, <04>, [BOOK], {604}
|a SNK
|b SNK
|y VYP
|7 0
|p 17A0341428
|o snkSB 34869 D4
|i snkD 479/83
|0 0
|1 0
|4 0
|d 2002-04-26
|l 0
|r 2004-12-31 00:00:00
|w 2026-02-23
|
| 952 |
|
|
|t P60, <04>, [BOOK], {604}
|a SNK
|b SNK
|y VYP
|7 0
|p 17A0341371
|o snkSB 34869 D3
|i snkD 478/83
|0 0
|1 0
|4 0
|d 2002-04-26
|l 0
|r 2004-12-31 00:00:00
|w 2026-02-23
|
| 952 |
|
|
|a SNK
|b SNK
|y PREZ
|7 0
|p 17A0953141
|o snkSB 34869
|0 0
|1 0
|4 0
|d 2012-07-19
|f 1
|l 0
|r 2025-04-10 00:00:00
|w 2026-02-23
|
| 952 |
|
|
|t snkDEC 676(437.6)
|a SNKUST
|b SNKUST
|y PREZ
|7 0
|p 17A0071490
|o snkSB 34869 D2
|i snkD 477/83
|8 1
|0 0
|1 0
|4 0
|d 1997-06-05
|l 0
|r 2025-03-20 00:00:00
|w 2026-02-23
|
| 952 |
|
|
|a SNKLM
|b SNKLM
|y NEVYP
|7 0
|o snklmKK 158
|i snklm66/2001
|8 7
|0 0
|1 0
|4 0
|d 2006-02-02
|l 0
|r 2026-02-23 16:30:48
|w 2026-02-23
|